Poznámky k súdnemu konaniu vo veci obchodného registra
Ustanovenie par.27 Obchodného zákonníka o obchodnom registri. Funkcie obchodného registra. Súdne konanie vo veciach obchodného registra. Zápis do obchodného registra. Deklaratórnosť zápisu. Všeobecné ustanovenia o účastníkoch konania podľa Občianskeho súdneho poriadku. Problém účastníkov konania v k...
Guardado en:
| Autor principal: | |
|---|---|
| Formato: | Capítulo de libro |
| Lenguaje: | eslovaco |
| Materias: | |
| Etiquetas: |
Sin Etiquetas, Sea el primero en etiquetar este registro!
|
MARC
| LEADER | 00000naa a2200000 4500 | ||
|---|---|---|---|
| 001 | r019678 | ||
| 005 | 20230728074104.2 | ||
| 041 | 0 | |a slo | |
| 044 | |a SK | ||
| 245 | 1 | 0 | |a Poznámky k súdnemu konaniu vo veci obchodného registra |c Peter Dukes |
| 520 | |a Ustanovenie par.27 Obchodného zákonníka o obchodnom registri. Funkcie obchodného registra. Súdne konanie vo veciach obchodného registra. Zápis do obchodného registra. Deklaratórnosť zápisu. Všeobecné ustanovenia o účastníkoch konania podľa Občianskeho súdneho poriadku. Problém účastníkov konania v konaniach o zápis do obchodného registra. Pojem subjektu navrhovateľa na zápis. | ||
| 610 | 2 | 0 | |a zákonník obchodný |
| 610 | 2 | 0 | |a register obchodný |
| 610 | 2 | 0 | |a konanie súdne občianske |
| 610 | 2 | 0 | |a poriadok súdny občiansky |
| 610 | 2 | 0 | |a osoby právnické |
| 610 | 2 | 0 | |a osoby fyzické |
| 610 | 2 | 0 | |a súdnictvo |
| 610 | 2 | 0 | |a Slovensko |
| 100 | 1 | |a Dukes, Peter | |